Drapeaux de pays du monde #10 - Statistiques

Statistiques générales
  • Ce quiz a été pris 136 fois
  • Le résultat moyen est 14 sur 18
Statistiques - réponses
Par images Réponse % Correct
Maroc
98%
Portugal
97%
Colombie
93%
Roumanie
92%
Sri Lanka
86%
Andorre
85%
Arménie
83%
Equateur
83%
Moldavie
79%
Ghana
78%
Tchad
76%
Suriname
72%
Mongolie
71%
Ouganda
66%
Maurice
60%
Kirghizistan
59%
Dominique
54%
Grenade
52%
Aucun quiz correspondant
Distribution des résultats
% des personnes avec chaque résultat
Percentile par nombre de réponses
Votre historique - résultats
Vous n’avez pas pris ce quiz